000 00715cam a22002411 4500
001 sa 68005721
003 DLC
005 20260227112511.0
008 910105s1966 ii ach 000 0 tamr
010 _asa 68005721
035 _a(OCoLC)22926616
040 _aDLC
_cCU
_dCU
_dDLC
041 0 _atameng
042 _apremarc
050 0 0 _aPN5376.G8
_bK8
245 0 0 _aKuttūci Kurucāmi nin̲aivu malar.
250 _a[1. patippu]
260 _aCen̲n̲ai,
_bTamil̲ nūl nilaiyam; [kiṭaikkum iṭam: pāri nilaiyam,
_c1966]
300 _a172 p.
_billus., facsims., ports.
_c22 cm.
500 _aEnglish or Tamil.
600 1 0 _aKurucāmi, Kuttūci,
_d1906-1965.
700 1 _aKurucāmi, Kuttūci,
_d1906-1965.
999 _c80907
_d80907